000 03426cam a2200301 4500500
005 20260329012151.0
041 _afre
042 _adc
100 1 0 _aLlantia, Camille
_eauthor
700 1 0 _ade Kernier, Nathalie
_eauthor
245 0 0 _aFantasmes parricides et accession à la masculinité : considérations à partir du cas d’un adolescent suicidant
260 _c2026.
500 _a11
520 _aCet article analyse les problématiques soulevées par l’émergence de fantasmes parricides chez les adolescents masculins, afin de comprendre l’échec fréquent de leur élaboration chez ceux qui ont recours au geste suicidaire. Notre étude de cas clinique est issue d’une recherche en cours, qui porte sur les liens entre genre et suicide à l’adolescence. Il s’agit du cas d’un adolescent ayant posé plusieurs gestes suicidaires dans des moments dissociatifs, très envahi par des fantasmes parricides. Nous analysons les niveaux de conflits que ces scénarios soulèvent, à l’aune de la dynamique identificatoire. La mise en perspective du cas de cet adolescent avec les travaux sur le parricide agi et les processus mélancoliques à l’adolescence met en exergue l’impasse subjective qui sous-tend l’émergence de ces fantasmes, envahissants au point de déclencher un recours à l’acte destructeur. L’analyse des entretiens cliniques et de quelques réponses issues du TAT (Thematic Apperception Test) nous permet de mettre nos hypothèses à l’épreuve de la clinique. L’attention portée à la dynamique de l’entretien de restitution ouvre des pistes cliniques pour accompagner cette population particulièrement à risque dans l’après-coup du geste suicidaire.
520 _aThis article examines the role of parricidal fantasies in adolescent boys and their potential role in suicidal behavior. Drawing on a clinical case from an ongoing research project on gender and adolescent suicide, we explore how these fantasies generate intense identificatory conflicts that often fail to be psychically elaborated. This is the case of an adolescent who engaged in several suicidal acts during dissociative episodes, while being intensely overwhelmed by parricidal fantasies. This failure of psychic elaboration may lead to a subjective impasse where unprocessed fantasies become overwhelming and contribute to self-destructive behavior. By combining clinical interviews with material from the Thematic Apperception Test (TAT), we assess the impact of these dynamics on adolescent identity formation. The findings are discussed in light of previous research on parricidal acts and melancholic processes in adolescence. Particular attention is given to the therapeutic value of restitution interviews, which may open new avenues for clinical intervention with adolescents in the aftermath of a suicide attempt.
690 _aadolescence
690 _afantasme parricide
690 _ageste suicidaire
690 _amasculinités
690 _aThematic Apperception Test
690 _aadolescence
690 _amasculinities
690 _aparricidal fantasies
690 _asuicidal behavior
690 _aThematic Apperception Test
786 0 _nCahiers de psychologie clinique | 66 | 1 | 2026-03-12 | p. 257-272 | 1370-074X
856 4 1 _uhttps://shs.cairn.info/revue-cahiers-de-psychologie-clinique-2026-1-page-257?lang=fr&redirect-ssocas=7080
999 _c1868535
_d1868535